| 000 | 00725nam a22002057a 4500 | ||
|---|---|---|---|
| 999 |
_c10442 _d10442 |
||
| 003 | AR-CdUCM | ||
| 008 | 190401b ||||| |||| 00| 0 spa d | ||
| 040 |
_aMUNICIPALIDAD PROVINCIAL DEL CUSCO _cBIBLIOTECA MUNICIPAL DEL CUSCO |
||
| 082 |
_aES / 460.153 / _bV45 |
||
| 100 |
_aVentura Vera, Jorge _927230 |
||
| 245 |
_aRazonamiento verbal : _bQuinto grado de secundaria / |
||
| 260 |
_aLima : _bEscuela nueva, |
||
| 300 |
_a94 paginas ; _c24 cm. |
||
| 505 | _aContenido :Sinónimos -- Antónimos -- Analogías -- Comprensión de lectura -- Oraciones incompletas -- Termino excluido . | ||
| 650 |
_aSinónimos _927240 |
||
| 650 |
_aAntónimos _927241 |
||
| 650 |
_aAnalogías _920994 |
||
| 942 |
_2ddc _cLIBROS |
||
| 945 | _arum | ||